00370nam a22001457a 4500003000400000008004100004020001800045082001400063100002000077245005300097260002900150300000800179650001600187700002100203OSt250411b |||||||| |||| 00| 0 eng d a9789386858252 a153.6 RAS aRAMAN,Meenakshi aSoft Skills Key to Success in workplace and Life aNew DelhibCengagec2023 a283 aSoft Skills aUPADHYAY,Shalini